000 00540nam a22001937a 4500
003 OSt
005 20160627180857.0
008 160627b xxu||||| |||| 00| 0 eng d
020 _a0748404406
040 _cDNLM.
082 _aQV820P493p 2000.
100 _aEdited by Dean,D.A;Evans,E.R;Hall,I.H;
_99670
245 _aPharmaceutical Packaging Technology.
260 _aLondon.
_aNew York.
_bTaylor & Francis.
_c2000.
300 _aix,635p;
_bill;
_c25cm.
504 _aincludes index.
650 _aPharmacology.
_9357
942 _2z
_cO_SHELF
999 _c4504
_d4504